| 000 | 01218nam a22002657a 4500 | ||
|---|---|---|---|
| 005 | 20170124102927.0 | ||
| 010 | _aA-717109 | ||
| 020 |
_c200.00 _a8185720010 |
||
| 035 | _aA-717109 | ||
| 037 | _bCen Lib/Ret | ||
| 040 |
_aDPL _bHN |
||
| 082 |
_aउ _bटेक्तोफो |
||
| 100 |
_aटेक्तो फो _9109327 |
||
| 245 |
_aऊँचा चाँद : _cटेक्तो फो; अनुवादक चन्द्रप्रकाश प्रभाकर _bभूरे मेघ / |
||
| 246 |
_aUncha chand : bhoore megh / _bby Tekton Fo; anuvadak Chanderprakash Prabhakar |
||
| 260 |
_aनयी दिल्ली _bइरावदी प्रकाशन _c1994 |
||
| 270 |
_aसी-487, व्कस्पुरी, नयी दिल्ली _bनयी दिल्ली _e110018 |
||
| 300 |
_a270पृ. _c20सेमी(सजिल्द) |
||
| 650 |
_aहिंदी साहित्य _9109328 |
||
| 650 |
_aहिंदी उपन्यास _9109329 |
||
| 650 |
_aHindi literature _9109330 |
||
| 650 |
_aHindi fiction _927248 |
||
| 700 |
_aप्रभाकर, चंदरप्रकाश _943015 |
||
| 942 |
_2ddc _cHN _hउ _mटेक्तोफो |
||
| 999 |
_c111673 _d111673 |
||